| 000 | 01444nam a2200289 i 4500 | ||
|---|---|---|---|
| 001 | 160840 | ||
| 003 | ES-MaACL | ||
| 005 | 20250603171333.0 | ||
| 008 | 931025s1675 sp |||| | spa d | ||
| 100 | 1 |
_aNúñez de Castro, Alonso. _986183 |
|
| 245 | 1 | 0 |
_aLibro historico politico, solo Madrid es corte, y el cortesano en Madrid _b: dividido en quatro libros... / _cpor don Alonso Nuñez de Castro... |
| 250 | _aTercera impression, con diferentes adiciones. | ||
| 260 |
_aEn Madrid : _bpor Roque Rico de Miranda... : _ba costa de Antonio Riero y Texada..., _c1675. |
||
| 300 |
_a[24], 549 [i. e. 555] p. ; _c4º. |
||
| 594 | _aLa mención de ed. aparece en port. entre el tít. y la explicación de tít. | ||
| 597 | _aSign. : 2¶8, 3¶4, A-Z8, 2A-2L8, 2M6. | ||
| 597 | _aTexto a dos col. | ||
| 597 | _aErrores de pag. a partir de la p. 225 (se repite de la p. 220 a la p. 225, ambas inclusive) | ||
| 597 | _aPort. a dos tintas. | ||
| 597 | _aErrores en la signaturización de preliminares. | ||
| 650 | 0 | 4 |
_aCorte y cortesanos- _zEspaña- _yS.XVII. _911384 |
| 651 | 4 |
_aMadrid- _xDescripción. _98952 |
|
| 651 | 7 |
_aEspaña- _xAdministración _2 _9148152 |
|
| 852 |
_aES-MaACL _jR-3370 _9166865 _dOlim: G-2851 _zCotejado con la relación de obras recuperadas expediente Robo _zCambio de signatura- Datos tomados del fichero topográfico R _xEncuadernación en pergamino |
||
| 942 | _2udc | ||
| 999 |
_c160840 _d160840 |
||